000 00277nam a22001217a 4500
008 171013b xxu||||| |||| 00| 0 eng d
041 _aeng
080 _a316
100 _a50
101 _aSOC
245 _aFUNDAMENTALS OF PRETRIAL LITIGATION
_cHAYDOCK, R.S
942 _2udc
_cBK
999 _c33643
_d33643